00942nam a22002657a 450000100040000000500170000402000150002102000180003604000240005405000240007808200140010210000270011624500730014326000350021630000410025150500080029252001860030052100200048652100200050665000300052665000310055665000220058765000320060970000350064179420250221111953.0 a0688165478 a9780545102711 aDLCcDLCdDLCbeng 00aPZ7.W17125bSu 199900a[Fic]2211 aWalter, Mildred Pitts.10aSuitcase /cWalter, Mildred Pitts ; illustrated by Flavin, Teresa . aNew York :bScholastic,c1999. a107 pages :billustrations ;c20 cm. aK  aDespite his love of drawing and his feelings of inadequacy as an athlete, sixth-grader Xander "Suitcase" Bingham works to become a baseball player to win the approval of his father. a550 bLexile  aK bRaz-Plus  1aSelf-perceptionvFiction. 1aFathers and sonsvFiction. 1aArtistsvFiction. 1aAfrican AmericansvFiction.1 aFlavin, Teresa,eillustrator.